Catálogo
 En Linea
Vista normal Vista MARC

Entrada Nombre personal

Número de registros utilizados en: 1

001 - NÚMERO DE CONTROL

  • campo de control: 48494

003 - IDENTIFICADOR DEL NÚMERO DE CONTROL

  • campo de control: DO-SdBNP

005 - FECHA Y HORA DE LA ÚLTIMA TRANSACCIÓN

  • campo de control: 20240402131926.0

008 - DATOS DE LONGITUD FIJA

  • campo de control de longitud fija: 200615|| aca||aabn | a|a d

010 ## - NÚMERO DE CONTROL DE LA BIBLIOTECA DEL CONGRESO

  • Número de control de LC: n 80073719
  • Número de control de LC cancelado o no válido: n 88057000

040 ## - FUENTE DE LA CATALOGACIÓN

  • Centro catalogador/agencia de origen: DO-SdBNP
  • Lengua de catalogación: spa
  • Centro/agencia transcriptor: BNPHU
  • Normas de descripción: rda

100 ## - ENCABEZAMIENTO-NOMBRE DE PERSONA

  • Nombre de persona: Vaitsos, Constantine V

370 ## - LUGAR ASOCIADO

  • País asociado: Grecia

372 ## - CAMPO DE ACTIVIDAD

  • Campo de actividad: Arte
  • Campo de actividad: Filosofía

374 ## - OCUPACIÓN

  • Ocupación: University of Sussex
  • Ocupación: Instituto Latinoamericano de Estudios Transnacionales
  • Ocupación: Harvard University
  • Ocupación: Yale University

374 ## - OCUPACIÓN

  • Ocupación: Instituto de Estudios para el desarrollo de la Universidad de Sussex

374 ## - OCUPACIÓN

  • Ocupación: Profesor universitario
  • Ocupación: Filósofo

375 ## - GÉNERO/SEXO

  • Género/Sexo: Masculino

377 ## - LENGUA/LENGUAJE ASOCIADO

  • Código del idioma: eng
  • Término de lengua/lenguaje: Inglés

400 1# - TRAZADO DE VÉASE--NOMBRE DE PERSONA

  • Nombre de persona: Vaitsos, Constantino V

400 1# - TRAZADO DE VÉASE--NOMBRE DE PERSONA

  • Nombre de persona: Vaitsos, Constantine

400 1# - TRAZADO DE VÉASE--NOMBRE DE PERSONA

  • Nombre de persona: Vaitsos, C.

400 1# - TRAZADO DE VÉASE--NOMBRE DE PERSONA

  • Nombre de persona: Vaitsos, Kōnstantinos

670 ## - FUENTE DE DATOS ENCONTRADOS

  • Cita de la fuente: Work cat.: (OSt)23023: Vaitsos, Constantine V., Distribución del ingreso y empresas transnacionales /, 1977.

670 ## - FUENTE DE DATOS ENCONTRADOS

  • Cita de la fuente: Comercialización de tecnología en el Pacto andino, 1973.

670 ## - FUENTE DE DATOS ENCONTRADOS

  • Identificador Uniforme del Recurso: https://authorities.loc.gov/cgi-bin/Pwebrecon.cgi?AuthRecID=1440088&v1=1&HC=1&SEQ=20240402123154&PID=aXhwZZ8K4fEADWqBDaa_mzz6tbX6 Consultado en : 02/04/2024

Con tecnología Koha